|
|
|
|
| LEADER |
00000nab a2200000 a 4500 |
| 001 |
vtls011626680 |
| 003 |
SK-MaSNL |
| 005 |
20260303082741.0 |
| 008 |
171108|20170427xo zr|p 000 0 slo |
| 038 |
|
|
|a KEVKJB
|
| 040 |
|
|
|a KEVKJB
|b slo
|c KEVKJB
|e AACR2
|
| 041 |
0 |
|
|a slo
|
| 044 |
|
|
|a xo
|c SK
|
| 080 |
|
|
|a 908(437.672)
|2 2011
|
| 245 |
0 |
0 |
|a Ako zanikla 150-ročná predajňa skla a porcelánu
|b premeny Košíc
|c [autor] (SEN)
|
| 300 |
|
|
|b Fotogr.
|
| 600 |
3 |
7 |
|a Pausz (rod)
|y 19. stor.
|2 kevkjb
|9 1065136
|
| 650 |
0 |
7 |
|a Pauszov dom
|2 kevkjb
|9 1065137
|
| 651 |
|
7 |
|a historické budovy
|z Košice (Slovensko)
|2 kevkjb
|9 1019832
|
| 651 |
|
7 |
|a Košice (Slovensko)
|2 kevkjb
|9 18694
|
| 651 |
|
7 |
|a Hlavná ulica (Košice, Slovensko)
|2 kevkjb
|9 29594
|
| 773 |
0 |
|
|t KOŠICE:DNES
|g Roč. 4, č. 81 (27.4.2017), s. 10-11
|x 1339-7605
|
| 852 |
|
|
|a KEVKJB
|b KIS3GCP
|
| 856 |
4 |
1 |
|u http://kosicednes.sk/dennik/clanky/ako-zanikla-150-rocna-predajna-skla-porcelanu/
|
| 999 |
|
|
|c 1789028
|d 1790958
|